Venn Diagram - Cities - Statistics

General Stats
  • This quiz has been taken 1,228 times
  • The average score is 10 of 16
Answers on the Map
Answers color-coded by a green-red scale on the quiz's map according to % correct below.
 
Answer Stats
Answer % Correct
Vaduz
81%
Hobart
79%
Ankara
78%
Saint Petersburg
73%
Johannesburg
71%
Asuncion
67%
Jakarta
66%
Lima
66%
Arequipa
65%
Cayenne
64%
Monrovia
61%
Georgetown
60%
Medellin
55%
Recife
55%
Calgary
53%
Santiago
48%
No matching quizzes found
Score Distribution
Percent of People with Each Score
Percentile by Number Answered
Your Score History
You have not taken this quiz